Представление документа в формате RUSMARC

ПолеНазваниеЗначение
  Тип записи c
  Библиографический уровень m
001 Контрольный номер RU/УОНБ/EK_N/322864713
005 Дата корректировки 20260422135310.6
100 Данные общей обработки __
a Данные общей обработки 20070128c2006 u y0rusy0189 ca
101 Язык документа 0_
a Язык текста rus
f Язык титульного листа rus
102 Страна публикации __
a Страна публикации RU
200 Заглавие и сведения об ответственности 1_
a Заглавие Хит-2005. Лучшие песни года
e Сведения, относящиеся к заглавию песни в переложении для фортепиано и гитары с голосом
f Первые сведения об ответственности составители Ф. И. Такун, К. Логвинова
g Последующие сведения об ответственности редактор А. Т. Шершунов
210 Выходные данные 1_
a Место издания Москва
c Издательство Современная музыка
d Дата издания 2006 -
215 Физическое описание __
d Формат 24 см
686 Индексы других классификаций __
a Классификационный индекс 85
2 Код системы rubbk
702 Вторичная интеллектуальная ответственность _1
a Фамилия Такун
b Имя (инициалы) Ф. И.
g Полное личное имя Федор Иосифович
4 Код отношения 220
702 Вторичная интеллектуальная ответственность _1
a Фамилия Логвинова
b Имя (инициалы) К.
g Полное личное имя Ксения
4 Код отношения 220
702 Вторичная интеллектуальная ответственность _1
a Фамилия Шершунов
b Имя (инициалы) А. Т.
g Полное личное имя Александр Тихонович
4 Код отношения 340
801 Источник записи _0
a Страна RU
b Организация Ульяновская ОНБ
c Дата составления 20070128
g Правила каталогизации RCR
801 Источник записи _1
a Страна RU
b Организация Ульяновская ОНБ
c Дата составления 20070128
g Правила каталогизации RCR
901 Тип документа __
t Тип документа v
938 Служебная информация __
a Имя БД noti
b Имя библиотеки УОНБ
c Имя АИБС МАРК-SQL
d Номер DOC_ID в БД 6435